Herrlicher Cherub Theresia a Jesu, Die Jungfräuliche Mutter ... An dieser ... Himmlischen Lehrerin Jährlichen hochfeyerlich begangenen Festtag In dem ... Gottes Haus ... Theresianischen Discalceat-Carneliter-Ordens, in der ... Kleinern Stadt Prag, ... Durch eine geringe Lob-Predig vorgetragen ... /

Hlavní autor: Brückner, Lorenz Karl
Jazyk: Němčina
Vydáno: Alt-Stadt Prag : Joh. Wentzl Helm, 1719
Témata:
Fyzický popis: A-C4, D3 [=15] listů ; 4°
Knihy
Uloženo v:
LEADER 01282nam a22003017a 4500
001 mzk03001088926
003 CZ BrMZK
005 20200614123306.0
007 ta
008 060727s1719 xr fr|||||00| ||gerod
040 |a BOA001  |b cze  |c BOA001 
072 7 |a 094  |x Staré tisky  |2 Konspekt  |9 12 
080 |a (0.068)094  |2 MRF 
100 1 |a Brückner, Lorenz Karl  |4 aut 
245 1 0 |a Herrlicher Cherub Theresia a Jesu, Die Jungfräuliche Mutter ... An dieser ... Himmlischen Lehrerin Jährlichen hochfeyerlich begangenen Festtag In dem ... Gottes Haus ... Theresianischen Discalceat-Carneliter-Ordens, in der ... Kleinern Stadt Prag, ... Durch eine geringe Lob-Predig vorgetragen ... /  |c Laurentius Carolus Brückner 
260 |a Alt-Stadt Prag :  |b Joh. Wentzl Helm,  |c 1719 
300 |a A-C4, D3 [=15] listů ;  |c 4° 
500 |a Výzdoba: Iniciály 
501 |a Přívazek 9 k: Der Im Neuen Testament in das Praemonstratensische Paradeiß übertragener Henoch ... / Bedřich Heilmann 
655 7 |a staré tisky  |7 fd422076  |2 czenas 
903 |a RP 
910 |a ZNE450  |b ZD-2.VII/2.2,přív.9 
978 |b Helm, Jan Václav  |a Praha  |c 1719 
984 |a Praha  |b Česko 
985 |a 1701-1750 
990 |a BK 
991 |k znojmo 
994 |a UP  |l MZK03  |b 001088910  |m přívazek 9  |n záznam 1. díla